| Tag |
First Indicator |
Second Indicator |
Subfields |
| LEADER |
00000cem a22000007a 4500 |
| 001 |
in00000001063 |
| 005 |
20151003060008.0 |
| 008 |
980827s1998 xxu f000 0 eng d |
| 035 |
|
|
|a (OCoLC)
|
| 035 |
|
|
|a tmp97129461
|
| 035 |
|
|
|9 AHS7589AM
|
| 040 |
|
|
|a MvI
|c MvI
|d UtOrBLW
|
| 049 |
|
|
|a MAPS
|
| 074 |
|
|
|a 0619-H-28
|
| 086 |
0 |
|
|a I 19.102/28:35115-ST-500/984
|
| 245 |
0 |
0 |
|a State of Nevada, Scale 1:500,000, 35115-ST-500, Revised in 1984.
|
| 264 |
|
1 |
|a [Place of publication not identified] :
|b [publisher not identified],
|c [1998?]
|
| 336 |
|
|
|a cartographic image
|b cri
|2 rdacontent
|
| 337 |
|
|
|a unmediated
|b n
|2 rdamedia
|
| 338 |
|
|
|a unspecified
|b zu
|2 rdacarrier
|
| 500 |
|
|
|a Shipping List #: 98-0044-S
|
| 500 |
|
|
|a Shipping List Date: 08/12/98
|
| 500 |
|
|
|a Cartographic material.
|
| 710 |
2 |
|
|a Geological Survey (U.S.)
|
| 999 |
|
|
|a MARS
|
| 999 |
f |
f |
|s 86000dc4-ac4c-3e2d-a5eb-769ab8a86ac8
|i 507d5549-ea11-314d-a0e9-fb3b4932c9bf
|t 0
|
| 952 |
f |
f |
|p normal
|a Texas A&M University
|b College Station
|c Sterling C. Evans Library
|d Evans: Maps (2nd floor)
|t 0
|e G4351.A1 1998 .U5
|h Library of Congress classification
|i unspecified -- unspecified
|m A14823227610
|
| 998 |
f |
f |
|a G4351.A1 1998 .U5
|t 0
|l Evans: Maps (2nd floor)
|